000 00287nam a2200121Ia 4500
005 20251222143314.0
008 251222s9999||||xx |||||||||||||| ||spa||
082 _a838.9/R85/Ej.2
100 _aRoth, Joseph
245 0 _aLa Leyenda del Santo Bebedor
264 _bAnagrama
942 _cLIB
999 _c15841
_d15841